000 00469nmm a2200169Ia 4500
008 251105s9999||||xx |||||||||||||||||und||
020 _a9786075275710
041 _aspa
100 _aLoaeza, Guadalupe
245 0 _aLas abuelas bien
264 _a[Madrid, España] :
_bEditorial Océano,
_c2018
300 _a269 páginas
490 _aBiblioteca Guadalupe Loaeza
650 _aBiography
856 _uhttps://public.digitaliapublishing.com/a/97048
942 _cCF
999 _c75816
_d75816